| 000 | 00350nam a2200145Ia 4500 | ||
|---|---|---|---|
| 008 | 150201s2000 xx 000 0 und d | ||
| 082 |
_a617.9943 _bO2000O |
||
| 100 | _aORD , ROBERT A. | ||
| 245 | _aORAL CANCER | ||
| 250 | _a1ST | ||
| 260 |
_bQUINTESSENCE PUBLICATION _aCHICAGO _c2000 |
||
| 300 | _a1-244 | ||
| 650 | _aPERIODONTICS | ||
| 942 |
_2ddc _cBK |
||
| 999 |
_c4486 _d4486 |
||